How to Write and Publish a Scientific Paper (Record no. 111197)

MARC details
000 -LEADER
fixed length control field 00453nam a2200133Ia 4500
008 - FIXED-LENGTH DATA ELEMENTS--GENERAL INFORMATION
fixed length control field 211119s9999||||xx |||||||||||||| ||und||
082 ## - DEWEY DECIMAL CLASSIFICATION NUMBER
Classification number 70.5
Item number DAY-H
100 ## - MAIN ENTRY--PERSONAL NAME
Personal name Day, Robert A
245 #0 - TITLE STATEMENT
Title How to Write and Publish a Scientific Paper
260 ## - PUBLICATION, DISTRIBUTION, ETC.
Name of publisher, distributor, etc. Cambridge University
Place of publication, distribution, etc. London
Date of publication, distribution, etc. 1979
300 ## - PHYSICAL DESCRIPTION
Extent xv+30
650 ## - SUBJECT ADDED ENTRY--TOPICAL TERM
Topical term or geographic name entry element computer science information & general works
942 ## - ADDED ENTRY ELEMENTS (KOHA)
Koha item type BOOK
650 ## - SUBJECT ADDED ENTRY--TOPICAL TERM
Form subdivision News media, journalism & publishingGeneralia
General subdivision Reference Reading Room
Holdings
Withdrawn status Lost status Source of classification or shelving scheme Damaged status Not for loan Home library Current library Date acquired Cost, normal purchase price Full call number Barcode Shelving location Date last seen Price effective from Koha item type
    Dewey Decimal Classification     SB LIBRARY SB LIBRARY 19/11/2021 100.00 070.5 DAY-H 00124644 REFERENCE READING ROOM 19/11/2021 19/11/2021 BOOK

Powered by Koha